000 00521nam a2200193Ia 4500
005 20260516152402.0
008 260514s9999 xx 000 0 und d
020 _a9789332518117
041 _aeng
082 _a646.4 ARM B2241
100 _a Armstrong,Helen
_9217639
245 _aPatternmaking For Fashion Design 5Th Edition
260 _bPearson Education Asia
_aNoida
300 _a919
500 _aFN
650 _aClothing construction
_9217822
651 _aClothing construction
_9217816
942 _cBK
999 _c370881
_d370881